| 000 | 00981nam a2200277Ia 4500 | ||
|---|---|---|---|
| 005 | 20170706104739.0 | ||
| 010 | _aBAC-EN21 ENG-111800 | ||
| 020 |
_a9789332516953 _c245.00 |
||
| 035 | _aEN-95332 | ||
| 035 | _aB-589845-884 | ||
| 035 | _aB-668098 | ||
| 037 |
_bTechniz/Ven _adpl |
||
| 037 | _bDBAD/PUB | ||
| 082 | _a510 | ||
| 100 | _aLakin, Steve | ||
| 245 |
_aHow to improve your maths skills / _cby Steve Lakin |
||
| 260 |
_c2014 _aNew Delhi _bPearson India |
||
| 270 |
_a11 Community Centre,Panchsheel Park _bNew Delhi _e110017 |
||
| 300 |
_c22cm(pbk) _axi,211p. |
||
| 490 | _aSmarter study skills | ||
| 650 | _aMathematical ability. | ||
| 650 | _a Mathematics. | ||
| 942 |
_cEN _2ddc _mLAK _h510 |
||
| 999 |
_c88169 _d88169 |
||